[Event "Gibtelecom ChallWk2 6th"]
[Site "Gibraltar"]
[Date "2008.01.27"]
[Round "1.32"]
[White "Georgieva, Emilia"]
[Black "Jorgensen, Line Jin"]
[Result "0-1"]
[WhiteElo "1985"]
[BlackElo "1867"]
[PlyCount "78"]
[EventDate "2008.01.27"]
[EventType "swiss"]
[EventRounds "5"]
[EventCountry "GGB"]
[SourceTitle "BritBase"]
[Source "www.saund.co.uk"]
[SourceDate "2018.02.10"]
[SourceVersion "1"]
[SourceVersionDate "2018.02.10"]
[SourceQuality "1"]

1. d4 d5 2. Nf3 Nf6 3. Bg5 e6 4. e3 Be7 5. Nbd2 h6 6. Bh4 Nbd7 7. Bd3 b6 8. c3
Bb7 9. Qc2 c5 10. O-O Rc8 11. Qa4 a6 12. Rac1 b5 13. Qd1 Ne4 14. Bxe7 Qxe7 15.
Ne5 Nxd2 16. Qxd2 Nxe5 17. dxe5 f5 18. exf6 Qxf6 19. Qe2 O-O 20. f3 e5 21. e4
c4 22. Bb1 Qb6+ 23. Kh1 d4 24. cxd4 exd4 25. Qf2 Qd6 26. f4 d3 27. e5 Qg6 28.
Qg3 Qf5 29. h3 Rc6 30. Rf2 Rd8 31. Kh2 Rd4 32. Qe3 Qe4 33. Qd2 Qd5 34. Re1 b4
35. Qxb4 Rg6 36. Qd2 Rxf4 37. Rg1 Rxf2 38. Qxf2 Qxe5+ 39. Kh1 Rg3 0-1

[Event "Gibtelecom ChallWk2 6th"]
[Site "Gibraltar"]
[Date "2008.01.27"]
[Round "1.33"]
[White "Yarur Elsaca, Daniel"]
[Black "Petrovic, Marko"]
[Result "0-1"]
[WhiteElo "1846"]
[BlackElo "1983"]
[PlyCount "57"]
[EventDate "2008.01.27"]
[EventType "swiss"]
[EventRounds "5"]
[EventCountry "GGB"]
[SourceTitle "BritBase"]
[Source "www.saund.co.uk"]
[SourceDate "2018.02.10"]
[SourceVersion "1"]
[SourceVersionDate "2018.02.10"]
[SourceQuality "1"]

1. e4 e5 2. Nf3 d6 3. Bc4 c6 4. O-O Be7 5. d3 Nf6 6. h3 O-O 7. Re1 Nbd7 8. c3
Qc7 9. Nbd2 d5 10. Bb3 Bd6 11. Nf1 Nc5 12. Bc2 Ne6 13. Ng3 g6 14. Bh6 Re8 15.
h4 Ng4 16. Qd2 Nxh6 17. Qxh6 Nf4 18. h5 f6 19. hxg6 hxg6 20. exd5 cxd5 21. Ne2
Bf8 22. Qh4 g5 23. Qh2 Re7 24. Nxf4 gxf4 25. Qh4 Qd6 26. a4 e4 27. Ng5 fxg5 28.
Qxg5+ Rg7 29. Qh5 {illegible score} 0-1

[Event "Gibtelecom ChallWk2 6th"]
[Site "Gibraltar"]
[Date "2008.01.27"]
[Round "1.34"]
[White "Edvardsen, Ingar"]
[Black "Whitfield, Craig M"]
[Result "0-1"]
[WhiteElo "1972"]
[BlackElo "1728"]
[PlyCount "54"]
[EventDate "2008.01.27"]
[EventType "swiss"]
[EventRounds "5"]
[EventCountry "GGB"]
[SourceTitle "BritBase"]
[Source "www.saund.co.uk"]
[SourceDate "2018.02.10"]
[SourceVersion "1"]
[SourceVersionDate "2018.02.10"]
[SourceQuality "1"]

1. e4 c5 2. Nc3 Nc6 3. Bb5 Nd4 4. Bc4 e6 5. f4 Ne7 6. Nf3 Nec6 7. O-O g6 8. e5
Bg7 9. Ne4 O-O 10. Nd6 Nf5 11. Nxf5 exf5 12. d4 d5 13. Be2 cxd4 14. Nxd4 f6 15.
exf6 Bxf6 16. Nxc6 bxc6 17. c3 Re8 18. Kh1 Rb8 19. Bd3 c5 20. Re1 Bd7 21. Bc2
Bc6 22. Bb3 c4 23. Bc2 Qd7 24. Rb1 d4 25. cxd4 Qd5 26. Rxe8+ Rxe8 27. Qf1 Qxg2+
0-1

[Event "Gibtelecom ChallWk2 6th"]
[Site "Gibraltar"]
[Date "2008.01.27"]
[Round "1.35"]
[White "Gandrud, Vegar Koi"]
[Black "Reichard, Sigge"]
[Result "1/2-1/2"]
[WhiteElo "1819"]
[BlackElo "1967"]
[PlyCount "77"]
[EventDate "2008.01.27"]
[EventType "swiss"]
[EventRounds "5"]
[EventCountry "GGB"]
[SourceTitle "BritBase"]
[Source "www.saund.co.uk"]
[SourceDate "2018.02.10"]
[SourceVersion "1"]
[SourceVersionDate "2018.02.10"]
[SourceQuality "1"]

1. d4 d5 2. c4 e6 3. Nf3 c6 4. Qc2 Nf6 5. g3 Bd6 6. Bg2 O-O 7. O-O b6 8. Nbd2
Bb7 9. e4 dxe4 10. Nxe4 Nxe4 11. Qxe4 Nd7 12. b3 Qe7 13. Bb2 Ba3 14. Qc2 a5 15.
Qc1 Bxb2 16. Qxb2 c5 17. Rad1 Rfd8 18. Qe2 a4 19. d5 Nf8 20. Rfe1 axb3 21. axb3
Ra3 22. Qb2 Rda8 23. Rd2 Qf6 24. Ne5 exd5 25. cxd5 R3a7 26. Nc4 Qd8 27. Qe5 Ng6
28. Qe3 Ra1 29. d6 Bxg2 30. Kxg2 R1a7 31. Qe4 Rb8 32. Ne5 Nxe5 33. Qxe5 Rd7 34.
Qd5 Rc8 35. Rde2 Qf8 36. Re7 Rcd8 37. Rxd7 Rxd7 38. Rd1 Qd8 39. Qc6 1/2-1/2

[Event "Gibtelecom ChallWk2 6th"]
[Site "Gibraltar"]
[Date "2008.01.27"]
[Round "1.36"]
[White "Manetto, Luis"]
[Black "Hamer, Martyn"]
[Result "0-1"]
[WhiteElo "1592"]
[BlackElo "1962"]
[PlyCount "90"]
[EventDate "2008.01.27"]
[EventType "swiss"]
[EventRounds "5"]
[EventCountry "GGB"]
[SourceTitle "BritBase"]
[Source "www.saund.co.uk"]
[SourceDate "2018.02.10"]
[SourceVersion "1"]
[SourceVersionDate "2018.02.10"]
[SourceQuality "1"]

1. e4 c5 2. Nf3 Nc6 3. d4 cxd4 4. Nxd4 e5 5. Nb3 Nf6 6. Nc3 Bb4 7. f3 d5 8.
exd5 Nxd5 9. Bd2 Nxc3 10. bxc3 Be7 11. Bd3 O-O 12. O-O Be6 13. f4 exf4 14. Bxf4
b6 15. Qe2 Qe8 16. Qe4 g6 17. Bh6 Rd8 18. Bxf8 Bxf8 19. Rae1 Qd7 20. Bb5 Bd5
21. Qa4 Qc7 22. c4 Bxg2 23. Kxg2 Ne5 24. Be8 Qb7+ 25. Kh3 Qc8+ 26. Kg2 Qa8+ 27.
Kf2 Rxe8 28. c5 bxc5 29. Qf4 Bd6 30. Kg1 f5 31. Nd2 Kg7 32. Nc4 Nf3+ 33. Qxf3
Qxf3 34. Rxf3 Rxe1+ 35. Kf2 Re6 36. Nxd6 Rxd6 37. Ke2 Kf6 38. Ra3 a6 39. Ra5
Rc6 40. c4 Ke5 41. Ke3 f4+ 42. Kf3 g5 43. Ra3 Kd4 44. Ra4 Rf6 45. h4 g4+ 0-1

[Event "Gibtelecom ChallWk2 6th"]
[Site "Gibraltar"]
[Date "2008.01.28"]
[Round "2.1"]
[White "Osuna Vega, Enrique"]
[Black "Bigg, Andrew J"]
[Result "1-0"]
[WhiteElo "2146"]
[BlackElo "2231"]
[PlyCount "98"]
[EventDate "2008.01.27"]
[EventType "swiss"]
[EventRounds "5"]
[EventCountry "GGB"]
[SourceTitle "BritBase"]
[Source "www.saund.co.uk"]
[SourceDate "2018.02.10"]
[SourceVersion "1"]
[SourceVersionDate "2018.02.10"]
[SourceQuality "1"]

1. e4 e6 2. d4 d5 3. Bd3 dxe4 4. Bxe4 Nf6 5. Bf3 c5 6. Ne2 Nc6 7. c3 Bd7 8. O-O
Qb6 9. Nd2 cxd4 10. cxd4 Nxd4 11. Nxd4 Qxd4 12. Bxb7 Rb8 13. Bf3 Be7 14. Nb3
Qa4 15. Be3 Bb5 16. Nd4 Qxd1 17. Rfxd1 O-O 18. Nxb5 Rxb5 19. Bxa7 Rxb2 20. a4
Nd5 21. Bd4 Rb4 22. Ra2 Ra8 23. a5 Bf6 24. Bxf6 gxf6 25. a6 Ra7 26. Ra3 Rb6 27.
Be2 Kf8 28. g3 Rb4 29. Rc1 Ke7 30. Raa1 f5 31. Rcb1 Kd6 32. Rxb4 Nxb4 33. Ra4
Nd5 34. Bd3 Kc5 35. Ra5+ Kb6 {(=)} 36. Rb5+ Kc6 37. Rb3 Nc7 38. Rb4 Nxa6 39.
Bxa6 Rxa6 40. Rh4 Kd6 41. Rxh7 Ke7 42. Kg2 Ra3 43. Rh8 Kf6 44. Rg8 f4 45. g4 e5
46. h4 e4 47. h5 e3 48. h6 e2 49. h7 Ra8 1-0

[Event "Gibtelecom ChallWk2 6th"]
[Site "Gibraltar"]
[Date "2008.01.28"]
[Round "2.2"]
[White "Kozlov, Oleg"]
[Black "Bates, Caspar J"]
[Result "1-0"]
[WhiteElo "2144"]
[BlackElo "2190"]
[PlyCount "81"]
[EventDate "2008.01.27"]
[EventType "swiss"]
[EventRounds "5"]
[EventCountry "GGB"]
[SourceTitle "BritBase"]
[Source "www.saund.co.uk"]
[SourceDate "2018.02.10"]
[SourceVersion "1"]
[SourceVersionDate "2018.02.10"]
[SourceQuality "1"]

1. Nf3 d5 2. d4 e6 3. g3 f5 4. Bg2 Nf6 5. O-O Bd6 6. c4 c6 7. Nc3 O-O 8. Bf4
Ne4 9. Qc2 Bxf4 10. gxf4 Nd7 11. e3 b6 12. Rfc1 Bb7 13. cxd5 exd5 14. b4 Rc8
15. Qb3 Rf6 16. Ne2 Ba6 17. Ng3 Nd6 18. Ne5 Bc4 19. Qa4 b5 20. Qxa7 Nb6 21. Qa3
Qc7 22. Rc2 Ra8 23. Qc1 Qb7 24. Bf3 Ra4 25. a3 Rf8 26. Rc3 Ra6 27. Bd1 Kh8 28.
f3 Na4 29. Bxa4 Rxa4 30. Qc2 g6 31. Kf2 Rfa8 32. Qb2 R4a6 33. h4 Qe7 34. Rh1
Qa7 35. h5 Kg7 36. hxg6 hxg6 37. Rg1 Rxa3 38. Nh5+ Kh6 39. Rxg6+ Kxh5 40. Kg3
Ra2 41. Rc1 1-0

[Event "Gibtelecom ChallWk2 6th"]
[Site "Gibraltar"]
[Date "2008.01.28"]
[Round "2.3"]
[White "Erdelyi, Tamas"]
[Black "Kvisla, Johannes Luangtep"]
[Result "1/2-1/2"]
[WhiteElo "2186"]
[BlackElo "2134"]
[PlyCount "25"]
[EventDate "2008.01.27"]
[EventType "swiss"]
[EventRounds "5"]
[EventCountry "GGB"]
[SourceTitle "BritBase"]
[Source "www.saund.co.uk"]
[SourceDate "2018.02.10"]
[SourceVersion "1"]
[SourceVersionDate "2018.02.10"]
[SourceQuality "1"]

1. Nf3 Nf6 2. c4 e6 3. g3 d5 4. Bg2 Be7 5. b3 c5 6. Bb2 Nc6 7. cxd5 exd5 8. d4
O-O 9. O-O Re8 10. Nc3 Bg4 11. dxc5 Bxc5 12. Na4 Bf8 13. Rc1 1/2-1/2

[Event "Gibtelecom ChallWk2 6th"]
[Site "Gibraltar"]
[Date "2008.01.28"]
[Round "2.4"]
[White "Suez-Panama, Gilles"]
[Black "Jap Tjoen San, Linda"]
[Result "1/2-1/2"]
[WhiteElo "2099"]
[BlackElo "2174"]
[PlyCount "120"]
[EventDate "2008.01.27"]
[EventType "swiss"]
[EventRounds "5"]
[EventCountry "GGB"]
[SourceTitle "BritBase"]
[Source "www.saund.co.uk"]
[SourceDate "2018.02.10"]
[SourceVersion "1"]
[SourceVersionDate "2018.02.10"]
[SourceQuality "1"]

1. f4 d5 2. Nf3 Nf6 3. e3 Bg4 4. d4 Nbd7 5. Bd3 c6 6. Nbd2 e6 7. O-O Qc7 8. Qe1
Bf5 9. b3 Bb4 10. Bb2 Ne4 11. a3 Nxd2 12. Nxd2 Bxd3 13. cxd3 Be7 14. Rc1 Qb6
15. Qd1 O-O 16. Kh1 Rfe8 17. Rf3 Rac8 18. Rg3 Bh4 19. Rh3 Bf6 20. g4 g6 21. g5
Bg7 22. Nf3 Qd8 23. Rg3 c5 24. Rg2 b6 25. Rgc2 Qe7 26. h4 f6 27. dxc5 Rxc5 28.
b4 Rxc2 29. Qxc2 e5 30. Qc6 exf4 31. Qxd5+ Qe6 32. Qxe6+ Rxe6 33. Rc8+ Nf8 34.
e4 h6 35. Kg2 Kf7 36. gxf6 Bxf6 37. Bxf6 Rxf6 38. Rc7+ Ke8 39. Rxa7 Rc6 40. Ne5
Rc1 41. b5 g5 42. hxg5 hxg5 43. Nc6 Nd7 44. e5 Re1 45. e6 Rxe6 46. Ra8+ Kf7 47.
Nd8+ Ke7 48. Nxe6 Kxe6 49. d4 Nf6 50. Kf3 Kf5 51. a4 g4+ 52. Ke2 Ke4 53. Rf8
Nd5 54. Rg8 g3 55. Re8+ Kxd4 56. Kf3 Kc4 57. Re5 Kd4 58. Re4+ Kc5 59. Re6 Kb4
60. Re4+ Kc5 1/2-1/2

[Event "Gibtelecom ChallWk2 6th"]
[Site "Gibraltar"]
[Date "2008.01.28"]
[Round "2.5"]
[White "Jaime Montalvan, Luis Felipe"]
[Black "Havik, Victor"]
[Result "0-1"]
[WhiteElo "2170"]
[BlackElo "2072"]
[PlyCount "74"]
[EventDate "2008.01.27"]
[EventType "swiss"]
[EventRounds "5"]
[EventCountry "GGB"]
[SourceTitle "BritBase"]
[Source "www.saund.co.uk"]
[SourceDate "2018.02.10"]
[SourceVersion "1"]
[SourceVersionDate "2018.02.10"]
[SourceQuality "1"]

1. d4 Nf6 2. c4 e6 3. Nc3 Bb4 4. Qc2 c5 5. dxc5 Bxc5 6. Nf3 Qb6 7. e3 Qc7 8.
Be2 b6 9. O-O a6 10. b3 Bb7 11. Bb2 Be7 12. Rac1 d6 13. Rfd1 Nbd7 14. Nd4 Rc8
15. Bf3 O-O 16. Bxb7 Qxb7 17. Qe2 Rfd8 18. e4 Nc5 19. Re1 Bf8 20. f3 g6 21.
Rcd1 Qe7 22. f4 Qb7 23. f5 exf5 24. exf5 d5 25. fxg6 hxg6 26. Qf3 Bg7 27. b4
Nce4 28. Nxd5 Nxd5 29. cxd5 Ng5 30. Qg4 Rxd5 31. h4 Nh7 32. Ba1 Rcd8 33. Nb3
Bxa1 34. Rxa1 Qc7 35. Rac1 Qd6 36. Qe2 Qxb4 37. Rc4 Qd6 {time} 0-1

[Event "Gibtelecom ChallWk2 6th"]
[Site "Gibraltar"]
[Date "2008.01.28"]
[Round "2.6"]
[White "Vea, Odin Blikra"]
[Black "Getz, Nicolai"]
[Result "1/2-1/2"]
[WhiteElo "2168"]
[BlackElo "2019"]
[PlyCount "133"]
[EventDate "2008.01.27"]
[EventType "swiss"]
[EventRounds "5"]
[EventCountry "GGB"]
[SourceTitle "BritBase"]
[Source "www.saund.co.uk"]
[SourceDate "2018.02.10"]
[SourceVersion "1"]
[SourceVersionDate "2018.02.10"]
[SourceQuality "1"]

1. e4 c5 2. Nc3 a6 3. a4 Nc6 4. g3 g6 5. Bg2 Bg7 6. Nge2 e6 7. O-O Nge7 8. d3
O-O 9. Be3 Nd4 10. Bg5 h6 11. Bd2 d5 12. exd5 Nxe2+ 13. Qxe2 exd5 14. a5 Be6
15. Na4 Rc8 16. Nb6 Rc6 17. c4 dxc4 18. dxc4 Rxb6 19. axb6 Qxb6 20. Bc3 Nf5 21.
Bd5 Nd4 22. Bxd4 Bxd4 23. Qf3 Bxd5 24. Qxd5 Rd8 25. Qf3 Rd6 26. Rae1 Rf6 27.
Qe2 Qb3 28. Kg2 b5 29. cxb5 axb5 30. Rd1 b4 31. Rd2 Qd5+ 32. f3 Re6 33. Qd3 Qg5
34. f4 Qd5+ 35. Qf3 Qf5 36. g4 Qf6 37. b3 Re3 38. Qa8+ Kg7 39. Rf3 Qh4 40. Rg3
Re1 41. Qa6 Rg1+ 42. Kf3 Rxg3+ 43. hxg3 Qh1+ 44. Rg2 Qd1+ 45. Re2 Qxb3+ 46. Ke4
Qxg3 47. Qc8 Qg1 48. Kd5 Qh1+ 49. Kd6 Qf3 50. Re8 Qxf4+ 51. Kc6 c4 52. Rh8 Qe4+
53. Kb5 Qd5+ 54. Ka4 Bb6 55. Qf8+ Kf6 56. Qxb4 Qc6+ 57. Qb5 Qxb5+ 58. Kxb5 Be3
59. Kxc4 Kg5 60. Kd3 Bf4 61. Rf8 Kxg4 62. Rxf7 g5 63. Ke2 Kg3 64. Kf1 h5 65.
Rf5 h4 66. Rxg5+ Bxg5 67. Kg1 1/2-1/2

[Event "Gibtelecom ChallWk2 6th"]
[Site "Gibraltar"]
[Date "2008.01.28"]
[Round "2.7"]
[White "Strand, Haakon"]
[Black "Severijnen, Arjon"]
[Result "0-1"]
[WhiteElo "2045"]
[BlackElo "2158"]
[PlyCount "152"]
[EventDate "2008.01.27"]
[EventType "swiss"]
[EventRounds "5"]
[EventCountry "GGB"]
[SourceTitle "BritBase"]
[Source "www.saund.co.uk"]
[SourceDate "2018.02.10"]
[SourceVersion "1"]
[SourceVersionDate "2018.02.10"]
[SourceQuality "1"]

1. e4 c5 2. Nf3 Nc6 3. Nc3 e6 4. d4 cxd4 5. Nxd4 Nf6 6. Nxc6 bxc6 7. Bd3 Bb4 8.
e5 Nd5 9. Bd2 Qa5 10. Nxd5 Bxd2+ 11. Qxd2 Qxd5 12. Qg5 O-O 13. O-O f6 14. Qh5
f5 15. f4 Qd4+ 16. Kh1 c5 17. Qf3 Rb8 18. b3 Bb7 19. Qf2 Qc3 20. Bc4 Rbc8 21.
Rad1 Bc6 22. Rd3 Qb4 23. Rfd1 Rf7 24. Rd6 h6 25. Qh4 Qc3 26. Qf2 Kh8 27. Qd2
Qxd2 28. R1xd2 g5 29. fxg5 hxg5 30. a4 Kg7 31. Kg1 Rc7 32. Bb5 Bxb5 33. axb5 c4
34. bxc4 Rxc4 35. Rxd7 Rc5 36. Rxf7+ Kxf7 37. Rd7+ Kg6 38. c4 f4 39. Rxa7 Rxc4
40. b6 Rb4 41. b7 Kf5 42. h3 Kxe5 43. Kf2 Ke4 44. Ra4 Rxa4 45. b8=Q Ra2+ 46.
Ke1 Ra1+ 47. Kd2 Ra2+ 48. Kc3 Ra3+ 49. Kc4 Rg3 50. Qb7+ Ke3 51. Qe7 Kf2 52.
Qxe6 Kxg2 53. Qe4+ Kxh3 54. Qh7+ Kg2 55. Qc2+ Kg1 56. Qd1+ Kh2 57. Qe2+ Rg2 58.
Qh5+ Kg1 59. Qd1+ Kf2 60. Qd2+ Kg3 61. Qe1+ Kh2 62. Qe4 Kg3 63. Qe1+ Kg4 64.
Qe6+ Kf3 65. Qd5+ Kf2 66. Qd2+ Kg3 67. Qe1+ Kh3 68. Qe4 Rg1 69. Qf5+ Kh4 70.
Qh7+ Kg3 71. Qd3+ f3 72. Qd6+ Kg2 73. Qd2+ Kh3 74. Qe3 Rg3 75. Qe6+ Kg2 76. Qe4
g4 0-1

[Event "Gibtelecom ChallWk2 6th"]
[Site "Gibraltar"]
[Date "2008.01.28"]
[Round "2.8"]
[White "Urbina Perez, Juan Antonio"]
[Black "Molina, Antonio"]
[Result "0-1"]
[WhiteElo "2241"]
[BlackElo "2011"]
[PlyCount "76"]
[EventDate "2008.01.27"]
[EventType "swiss"]
[EventRounds "5"]
[EventCountry "GGB"]
[SourceTitle "BritBase"]
[Source "www.saund.co.uk"]
[SourceDate "2018.02.10"]
[SourceVersion "1"]
[SourceVersionDate "2018.02.10"]
[SourceQuality "1"]

1. e4 c5 2. Nf3 d6 3. Bb5+ Bd7 4. Bxd7+ Qxd7 5. c4 Nc6 6. Nc3 g6 7. d4 cxd4 8.
Nxd4 Bg7 9. Nde2 Nf6 10. f3 O-O 11. O-O a6 12. Bg5 e6 13. a4 Qc7 14. b3 Na5 15.
Kh1 Rac8 16. Rb1 Rfe8 17. Qd2 Nd7 18. Rfd1 Nc5 19. Qa2 Ncxb3 20. Rxb3 Nxb3 21.
Qxb3 Qxc4 22. Qxc4 Rxc4 23. e5 Bxe5 24. Ne4 d5 25. Nf6+ Bxf6 26. Bxf6 Rxa4 27.
h4 h5 28. Rc1 Rc4 29. Ra1 Rec8 30. Kh2 Kf8 31. Nd4 Ke8 32. Kg3 Rb4 33. Kf4 Rcc4
34. Rd1 a5 35. g4 a4 36. gxh5 gxh5 37. Ke5 Kd7 38. Bg7 a3 0-1

[Event "Gibtelecom ChallWk2 6th"]
[Site "Gibraltar"]
[Date "2008.01.28"]
[Round "2.9"]
[White "Kandic, Milan"]
[Black "Larsson, Daniel"]
[Result "1/2-1/2"]
[WhiteElo "2238"]
[BlackElo "2003"]
[PlyCount "108"]
[EventDate "2008.01.27"]
[EventType "swiss"]
[EventRounds "5"]
[EventCountry "GGB"]
[SourceTitle "BritBase"]
[Source "www.saund.co.uk"]
[SourceDate "2018.02.10"]
[SourceVersion "1"]
[SourceVersionDate "2018.02.10"]
[SourceQuality "1"]

1. d4 e6 2. Bf4 d5 3. Nf3 c5 4. e3 Nf6 5. Be2 Nc6 6. O-O Qb6 7. b3 Be7 8. h3
O-O 9. c3 Qd8 10. Nbd2 b6 11. Bd3 Bb7 12. Ne5 Nxe5 13. dxe5 Ne4 14. Rc1 Nxd2
15. Qxd2 f6 16. Qc2 f5 17. Rfd1 Bg5 18. Bh2 Qe8 19. c4 Rd8 20. cxd5 Bxd5 21.
Bc4 Bxc4 22. Qxc4 Rxd1+ 23. Rxd1 Rf7 24. Rd6 Re7 25. h4 Bh6 26. Bg3 Kf7 27. Qd3
g6 28. e4 fxe4 29. Qxe4 Rd7 30. Qf3+ Kg8 31. Qc6 Re7 32. Qe4 Rd7 33. Qd3 Rxd6
34. exd6 Qd7 35. Be5 Bg7 36. f4 Kf7 37. h5 Bf8 38. hxg6+ hxg6 39. Qh3 Bxd6 40.
Qh7+ Ke8 41. Qg8+ Bf8 42. Qxg6+ Qf7 43. Qe4 Qd7 44. Kh2 Qd1 45. Qg6+ Kd7 46.
Qh7+ Be7 47. Bf6 Qd6 48. g3 Ke8 49. Qg6+ Kd7 50. Qf7 Kd8 51. Qf8+ Kd7 52. Bxe7
Qxe7 53. Qa8 Qh7+ 54. Kg2 Qc2+ 1/2-1/2

[Event "Gibtelecom ChallWk2 6th"]
[Site "Gibraltar"]
[Date "2008.01.28"]
[Round "2.10"]
[White "Lindsoe, Fredrik Aunan"]
[Black "Rosberg, Simon"]
[Result "0-1"]
[WhiteElo "2001"]
[BlackElo "2246"]
[PlyCount "66"]
[EventDate "2008.01.27"]
[EventType "swiss"]
[EventRounds "5"]
[EventCountry "GGB"]
[SourceTitle "BritBase"]
[Source "www.saund.co.uk"]
[SourceDate "2018.02.10"]
[SourceVersion "1"]
[SourceVersionDate "2018.02.10"]
[SourceQuality "1"]

1. e4 c5 2. Nf3 e6 3. d4 cxd4 4. Nxd4 Nc6 5. Nc3 Qc7 6. g4 h6 7. Bg2 a6 8. Nxc6
dxc6 9. Qf3 e5 10. Bd2 Nf6 11. h3 Be6 12. Ne2 Nxe4 13. Qxe4 Bd5 14. Qe3 Bxg2
15. Rg1 Bd5 16. f4 Bd6 17. f5 O-O-O 18. b3 f6 19. c4 Bf7 20. Nc3 Be7 21. Qa7
Rd3 22. Na4 Qb8 23. Qf2 b5 24. cxb5 axb5 25. Nb6+ Kc7 26. Ba5 Bb4+ 27. Bxb4
Qxb6 28. Qxb6+ Kxb6 29. Rd1 Rxd1+ 30. Kxd1 c5 31. Be1 Ra8 32. Rg2 Rxa2 33. Rg3
Rb2 0-1

[Event "Gibtelecom ChallWk2 6th"]
[Site "Gibraltar"]
[Date "2008.01.28"]
[Round "2.11"]
[White "Lyell, Mark"]
[Black "Dennis, Nigel W"]
[Result "1-0"]
[WhiteElo "2221"]
[BlackElo "1957"]
[PlyCount "41"]
[EventDate "2008.01.27"]
[EventType "swiss"]
[EventRounds "5"]
[EventCountry "GGB"]
[SourceTitle "BritBase"]
[Source "www.saund.co.uk"]
[SourceDate "2018.02.10"]
[SourceVersion "1"]
[SourceVersionDate "2018.02.10"]
[SourceQuality "1"]

1. e4 c5 2. c3 d5 3. exd5 Qxd5 4. d4 e6 5. Nf3 Nf6 6. Na3 cxd4 7. Nb5 Qd8 8.
Qxd4 a6 9. Qxd8+ Kxd8 10. Nbd4 Bd6 11. Bg5 Ke7 12. Bd3 h6 13. Bh4 Bd7 14. O-O-O
Nc6 15. Rhe1 Rac8 16. Nf5+ Kf8 17. Nxd6 Rd8 18. Nxb7 Rb8 19. Nc5 Ke7 20. Nxd7
Kxd7 21. Be4+ 1-0

[Event "Gibtelecom ChallWk2 6th"]
[Site "Gibraltar"]
[Date "2008.01.28"]
[Round "2.12"]
[White "Petrovic, Marko"]
[Black "Vasvari, Tamas"]
[Result "0-1"]
[WhiteElo "1983"]
[BlackElo "2174"]
[PlyCount "42"]
[EventDate "2008.01.27"]
[EventType "swiss"]
[EventRounds "5"]
[EventCountry "GGB"]
[SourceTitle "BritBase"]
[Source "www.saund.co.uk"]
[SourceDate "2018.02.10"]
[SourceVersion "1"]
[SourceVersionDate "2018.02.10"]
[SourceQuality "1"]

1. e4 c5 2. Nf3 Nc6 3. d4 cxd4 4. Nxd4 Nf6 5. Nc3 d6 6. Be3 Ng4 7. Nxc6 bxc6 8.
Bf4 Qb6 9. Qd2 Qxb2 10. Rb1 Qa3 11. Nb5 cxb5 12. Qd5 Rb8 13. Rxb5 Rxb5 14.
Qxb5+ Kd8 15. Bd2 e5 16. h3 Nf6 17. Bc4 Qc5 18. Qb3 Nxe4 19. Be3 Qa5+ 20. Ke2
d5 21. Bb5 Qxb5+ 0-1

[Event "Gibtelecom ChallWk2 6th"]
[Site "Gibraltar"]
[Date "2008.01.28"]
[Round "2.13"]
[White "Hamer, Martyn"]
[Black "Mundaca Alvarez, Juan Carlos"]
[Result "1-0"]
[WhiteElo "1962"]
[BlackElo "2162"]
[PlyCount "107"]
[EventDate "2008.01.27"]
[EventType "swiss"]
[EventRounds "5"]
[EventCountry "GGB"]
[SourceTitle "BritBase"]
[Source "www.saund.co.uk"]
[SourceDate "2018.02.10"]
[SourceVersion "1"]
[SourceVersionDate "2018.02.10"]
[SourceQuality "1"]

1. e4 c5 2. Nf3 Nc6 3. d4 cxd4 4. Nxd4 Nf6 5. Nc3 e5 6. Ndb5 d6 7. Bg5 a6 8.
Na3 b5 9. Nd5 Be7 10. Bxf6 Bxf6 11. c3 Bg5 12. Nc2 Be6 13. g3 O-O 14. Bg2 Rc8
15. O-O Kh8 16. Nce3 g6 17. Qe2 f5 18. exf5 gxf5 19. f4 exf4 20. Nxf4 Bf7 21.
Nfd5 Re8 22. Qf2 Ne5 23. Rad1 Rc5 24. Nxf5 Bh5 25. Rd4 Rf8 26. Be4 Bg4 27. Nde3
Bxe3 28. Qxe3 Nc4 29. Qd3 Nxb2 30. Qb1 Bxf5 31. Rxf5 Rcxf5 32. Bxf5 Nc4 33. Rh4
Qb6+ 34. Kh1 Qc6+ 35. Be4 Nd2 36. Rxh7+ Kg8 37. Bxc6 Nxb1 38. Ra7 Nxc3 39. Rxa6
Rf2 40. Kg1 Rb2 41. Bf3 d5 42. Rd6 Rd2 43. h4 Kg7 44. h5 b4 45. g4 d4 46. h6+
Kh7 47. g5 Ne2+ 48. Bxe2 Rxe2 49. Rd7+ Kg6 50. Rg7+ Kf5 51. h7 Re1+ 52. Kf2 Rh1
53. g6 Rh3 54. Rg8 1-0

[Event "Gibtelecom ChallWk2 6th"]
[Site "Gibraltar"]
[Date "2008.01.28"]
[Round "2.14"]
[White "Schmidt, Ralf"]
[Black "Joseph, Adrian P"]
[Result "1-0"]
[WhiteElo "2195"]
[BlackElo "1958"]
[PlyCount "41"]
[EventDate "2008.01.27"]
[EventType "swiss"]
[EventRounds "5"]
[EventCountry "GGB"]
[SourceTitle "BritBase"]
[Source "www.saund.co.uk"]
[SourceDate "2018.02.10"]
[SourceVersion "1"]
[SourceVersionDate "2018.02.10"]
[SourceQuality "1"]

1. e4 d5 2. exd5 Nf6 3. Nf3 Bg4 4. Be2 Nxd5 5. d4 e6 6. O-O Be7 7. c4 Nb6 8.
Nc3 Nc6 9. c5 Nd7 10. a3 a5 11. Rb1 O-O 12. b4 axb4 13. axb4 Nf6 14. Be3 Bf5
15. b5 Bxb1 16. bxc6 Ne4 17. Nxb1 bxc6 18. Ne5 Qe8 19. Bf3 f5 20. Bxe4 fxe4 21.
Qg4 1-0

[Event "Gibtelecom ChallWk2 6th"]
[Site "Gibraltar"]
[Date "2008.01.28"]
[Round "2.15"]
[White "Schmidt, Raul"]
[Black "Sellak, Haddou"]
[Result "1-0"]
[WhiteElo "2160"]
[BlackElo "1900"]
[PlyCount "113"]
[EventDate "2008.01.27"]
[EventType "swiss"]
[EventRounds "5"]
[EventCountry "GGB"]
[SourceTitle "BritBase"]
[Source "www.saund.co.uk"]
[SourceDate "2018.02.10"]
[SourceVersion "1"]
[SourceVersionDate "2018.02.10"]
[SourceQuality "1"]

1. Nf3 Nf6 2. c4 c6 3. b3 d5 4. Bb2 Bf5 5. e3 e6 6. Be2 Be7 7. Nh4 Be4 8. d3
Bg6 9. Nd2 Nbd7 10. a3 Rc8 11. Qc2 a6 12. Nxg6 hxg6 13. Rc1 Qc7 14. h3 Bd6 15.
d4 Qd8 16. b4 Qe7 17. Bf3 Bb8 18. O-O Qd6 19. Rfe1 Qh2+ 20. Kf1 O-O 21. Nb3 b6
22. cxd5 cxd5 23. Qxc8 Rxc8 24. Rxc8+ Kh7 25. Rc6 Ne4 26. Ke2 Nd6 27. Nd2 Nf5
28. Nf1 Qg1 29. g4 Ne7 30. Rc2 Nf5 31. gxf5 Qg5 32. fxe6 fxe6 33. Nd2 Nf6 34.
Rc6 e5 35. Rxb6 e4 36. Rxb8 exf3+ 37. Nxf3 Qh5 38. Rb6 Ne4 39. h4 Qf5 40. Rc6
Qh3 41. Rg1 Qd7 42. Rgxg6 Nf6 43. Ne5 Qb7 44. Rc5 Nd7 45. Rg4 Nxc5 46. dxc5
Qb5+ 47. Nd3 g6 48. Kd2 a5 49. Rd4 axb4 50. axb4 Qc6 51. Rf4 Qe8 52. Rf6 Qe4
53. Bd4 Qh1 54. c6 Qb1 55. c7 Qa2+ 56. Bb2 Qc4 57. Rf8 1-0